000 00280nam a22001097a 4500
008 170118b xxu||||| |||| 00| 0 eng d
020 _a0838517889
041 _aeng
080 _25TH
_a618.2
245 _aGOVONI & HAYES/ DRUGS AND NURSING IMPLICATIONS
_cGOVONI, L.E
942 _2udc
_cBK
999 _c3097
_d3097